Online spracovanie LIDAR dát s využitím CUDA jadra

Gespeichert in:
Bibliographische Detailangaben
1. Verfasser: Petkáč, Michal (Verfasst von)
Weitere Verfasser: Tölgyessy, Michal (Betreuung Doktorarbeit)
Format: Manuskript Buch
Sprache:Slowakisch
Veröffentlicht: Bratislava : STU v Bratislave FEI, 2023
Schlagworte:
Online-Zugang:https://opac.crzp.sk/?fn=detailBiblioFormChildOF0T6&sid=C0DEB8E07572332BA2260215805F&seo=CRZP-detail-kniha
Tags: Tag hinzufügen
Keine Tags, Fügen Sie das erste Tag hinzu!

MARC

LEADER 00000ntm a22000003a 4500
001 stuzp92170
003 SK-STU
005 20241204131059.7
007 ta
008 150427s2015----xo-----f-mn---000-0-slo-d
040 |a STU  |b slo 
041 0 |a slo 
044 |a xo 
100 1 |a Petkáč, Michal  |u 031000  |4 aut  |U FEI Fakulta elektrotechniky a informatiky  |T FEI Ústav robotiky a kybernetiky  |X 98359  |U E011  |Y 356  |7 98359 
242 0 1 |a Online Processing of Lidar Data Using a Cuda Core  |y eng 
245 1 0 |a Online spracovanie LIDAR dát s využitím CUDA jadra 
260 |a Bratislava :  |b STU v Bratislave FEI,  |c 2023 
300 |a 67 s. 
650 4 |a spracovanie v reálnom čase  |2 slo 
650 4 |a priestorové transformácie  |2 slo 
650 4 |a LiDAR  |2 slo 
650 4 |a CUDA  |2 slo 
650 4 |a paralelné výpočty  |2 slo 
650 4 |a spatial transformations  |2 eng 
650 4 |a LiDAR  |2 eng 
650 4 |a CUDA  |2 eng 
650 4 |a parallel computing  |2 eng 
650 4 |a realtime processing  |2 eng 
700 1 |a Tölgyessy, Michal  |u 031000  |k Z1  |4 ths  |U FEI Fakulta elektrotechniky a informatiky  |T FEI Ústav robotiky a kybernetiky  |X 22286  |U E011  |Y 356  |7 A000022286 
856 4 |u https://opac.crzp.sk/?fn=detailBiblioFormChildOF0T6&sid=C0DEB8E07572332BA2260215805F&seo=CRZP-detail-kniha